Statistics for American TV Taglines Quiz

Click here to take the quiz!

General Stats

  • This quiz has been taken 21,073 times
    (13,742 since last reset)
  • The average score is 10 of 19

Answer Stats

TaglineShow% Correct
Live from New York, it's Saturday night!Saturday Night Live
93%
The truth is out thereThe X-Files
78%
In the criminal justice system, the people are represented by two separate yet
equally important groups. The police who investigate crime and the district attorneys
who prosecute the offenders. These are their stories.
Law and Order
75%
To boldly go where no man has gone beforeStar Trek
72%
One big (straight, gay, multi-cultural, traditional) happy familyModern Family
67%
Two adults. One kid. No grown-ups.Two and a Half Men
67%
A comedy for anyone whose boss is an idiotThe Office
65%
Medicine nor relationships can be defined in black and white. Real life only
comes in shades of grey.
Grey's Anatomy
58%
They have one cause. Leave no urban legend untestedMythbusters
57%
Save the cheerleader. Save the world.Heroes
55%
Obsessive. Compulsive. DetectiveMonk
54%
Outwit. Outplay. Outlast.Survivor
45%
Putting the herb in suburbWeeds
44%
We can rebuild him - we have the technologyThe Six Million
Dollar Man
39%
More than meets the eyeThe Transformers
33%
Heroes for hireThe A-Team
29%
Computer geek by day. Government operative by nightChuck
27%
Clear eyes, full hearts, can't loseFriday Night Lights
22%
If you think you know what's next, you don't know Jack!24
19%

Score Distribution

Percentile by Number Answered

Percent of People with Each Score

Your Score History

You have not taken this quiz since the last reset